Представление документа в формате RUSMARC

ПолеНазваниеЗначение
  Тип записи a
  Библиографический уровень c
001 Контрольный номер RU/SLIB/B/208751674
005 Дата корректировки 20201206204134.2
010 Индекс ISBN __
d Цена 0-80
101 Язык документа __
a Язык текста rus
200 Заглавие и сведения об ответственности 1_
a Заглавие Непобедимая и легендарная
e Сведения, относящиеся к заглавию репертуар. сб.
b Общее обозначение материала Текст
210 Выходные данные __
a Место издания М.
c Издательство Воениздат
d Дата издания 1967
215 Физическое описание __
a Объем 214 с.
606 Тематические рубрики __
a Основная рубрика Художественная самодеятельность
606 Тематические рубрики __
a Основная рубрика Художественная самодеятельность в целом
606 Тематические рубрики __
a Основная рубрика Музыка и зрелищные искусства
606 Тематические рубрики __
a Основная рубрика Хореография в целом
610 Ключевые слова __
a Ключевые слова танцы; репертуар; самодеятельное творчество; самодеятельность
686 Индексы других классификаций __
a Классификационный индекс 85.79
a Классификационный индекс 85.32
801 Источник записи _0
a Страна RU
b Организация Муниципальное бюджетное учреждение культуры "Централизованная библиотечная система" г. Сургут (Центральная городская библиотека им. А. С. Пушкина)
g Правила каталогизации КиК/Уланова
801 Источник записи _1
a Страна RU
b Организация Муниципальное бюджетное учреждение культуры "Централизованная библиотечная система" г. Сургут (Центральная городская библиотека им. А. С. Пушкина)
g Правила каталогизации КиК/Уланова
852 Данные о местонахождении __
j Шифр хранения 85.79
c Каталожный индекс 85.79, 85.32
i Авторский знак Н 53
p Инвентарный номер 16611(с)
901 Тип документа __
t Тип документа x
969 Тип издания __
a Тип издания сборник
990 Данные о заказе (DOS) __
j Количество экземпляров (DOS) 1